| 000 | 00852nam a2200217 i 4500 | ||
|---|---|---|---|
| 001 | 181253 | ||
| 003 | ES-MaACL | ||
| 005 | 20250817030024.0 | ||
| 008 | 121119s1870 sp | |||| ||spa d | ||
| 080 | _a821.133.1-31"18" | ||
| 080 | _a94(44)"1789/99"(0:82) | ||
| 100 | 1 |
_aErckmann-Chatrian. _947367 |
|
| 245 | 1 | 3 |
_aLa Revolución Francesa contada por un aldeano. _n[1, _pLos preliminares de la Revolución] / _cpor Erckmann-Chatrian. |
| 260 |
_aMadrid : _b[s.n., _cca. 1870-] ( _fImpr. de la Biblioteca de Instrucción y Recreo) |
||
| 300 |
_a233 p. ; _c18 cm. |
||
| 490 | 1 | _aBiblioteca de instrucción y recreo | |
| 651 | 4 |
_aFrancia- _xHistoria- _y1789-1799, Revolución- _vNovelas. _9151841 |
|
| 830 | 0 | 0 |
_aBiblioteca de instrucción y recreo _9182429 |
| 852 |
_aES-MaACL _jD-904 _z.- Legado M. de la Fuente |
||
| 999 |
_c181253 _d181253 |
||